Vojensko-politický slovník

Salvato in:
Dettagli Bibliografici
Autore principale: Mikulín, Antonín
Natura: Libro
Lingua:ceco
Pubblicazione: Praha Naše vojsko 1987
Edizione:1. vyd.
Tags: Aggiungi Tag
Nessun Tag, puoi essere il primo ad aggiungerne!!

MARC

LEADER 00000nam a2200000 4500
001 c040751
005 20221206140444.4
041 0 |a cze 
044 |a CZ 
245 1 0 |a Vojensko-politický slovník  |c Antonín Mikulín 
250 |a 1. vyd. 
264 1 |a Praha  |b Naše vojsko  |c 1987 
300 |a 336 s. 
100 1 |a Mikulín, Antonín